Regulación de la problemática de la obsolescencia programada en la Unión Europea y su posible aplicación en Chile.

Gespeichert in:
Bibliographische Detailangaben
1. Verfasser: Jaña Fica, Anita María (autora)
Weitere Verfasser: Elizondo Cerda, Vanessa Valentina (autora)
Format: Unbekannt
Sprache:Englisch
Veröffentlicht: Santiago, Chile: El Jurista, 2022.
Ausgabe:1ª Edición.
Schlagworte:
Tags: Tag hinzufügen
Keine Tags, Fügen Sie den ersten Tag hinzu!

MARC

LEADER 00000 a2200000 4500
003 CL-VaPUC
005 20220824114318.0
008 220609b2022 ||||| |||| 00| 0 eng d
999 |c 435907  |d 435905 
020 |a 978-956-367-093-6 
040 |c Pontificia Universidad Católica de Valparaíso 
082 0 4 |2 22  |a 343.83071 JAÑ 2022 
100 1 |a Jaña Fica, Anita María  |9 870434  |e autora 
245 1 0 |a Regulación de la problemática de la obsolescencia programada en la Unión Europea y su posible aplicación en Chile. 
250 |a 1ª Edición. 
260 |a Santiago, Chile:  |b El Jurista,  |c 2022. 
300 |a 223 páginas. 
583 |k Cristina María Rojas Aguilar  |c 20220609 
650 1 |a Obsolescencia programada  |z Unión Europea  |9 875519 
650 1 |a Obsolescencia programada  |z Chile  |9 875524 
650 1 |a Vida útil  |x Bienes de consumo  |9 875520 
650 1 |a Bienes de consumo  |x Aspectos legales  |z Chile  |9 875521 
650 1 |a Protección del consumidor  |x Aspectos legales  |z Chile  |9 875522 
650 1 |a Prácticas comerciales  |z Chile  |9 875523 
700 |a Elizondo Cerda, Vanessa Valentina   |e autora  |9 870819 
942 |2 ddc  |c BK 
952 |0 0  |1 0  |2 ddc  |4 0  |6 343_830710000000000_JAÑ_2022  |7 0  |8 A  |9 583727  |a BIBDER  |b BIBDER  |c GEN  |d 2022-06-15  |e 22  |g 26180.00  |i 5651856  |o 343.83071 JAÑ 2022  |p 5651856  |r 2023-01-25  |t 1  |v 26180.00  |w 2022-06-15  |y BK  |k DER